banner koha

Os cordeiros da Savana (Registro n. 331299)

MARC details
000 -LÍDER
fixed length control field 00700nab a2200217 4500
003 - CÓDIGO MARC DA AGÊNCIA CATALOGADORA
Campo de controle BR-BrBNA
005 - DATA E HORA DA ÚLTIMA ATUALIZAÇÃO
Campo de controle 20250430222659.0
008 - CAMPO DE TAMANHO FIXO
fixed length control field 250430b bl.||||| |||| 00| 0 por d
040 ## - FONTE DA CATALOGAÇÃO
Agência catalogadora BR-BrBNA
Idioma da catalogação por
072 ## - CATEGORIA AGRIS
Código AGRIS L01 ; E70
Código do objeto 5240 ; 9703
100 ## - ENTRADA PRINCIPAL - NOME PESSOAL
Nome pessoal Andrade, Lívia
245 ## - TÍTULO PRINCIPAL
Título principal Os cordeiros da Savana
Subtítulo Agronegócios
500 ## - NOTA GERAL
Nota geral 4 illus.
942 ## - ADDED ENTRY ELEMENTS (KOHA)
Koha item type Analítica
650 ## - ASSUNTO - THESAGRO
Cabeçalho tópico ou nome geográfico OVINO
650 ## - ASSUNTO - THESAGRO
Cabeçalho tópico ou nome geográfico CARNE
650 ## - ASSUNTO - THESAGRO
Cabeçalho tópico ou nome geográfico GASTRONOMIA
650 ## - ASSUNTO - THESAGRO
Cabeçalho tópico ou nome geográfico COMERCIALIZAÇÃO
773 0# - ENTRADA ANALÍTICA
Host Biblionumber 1706
Registro do item 347862
Imprenta São Paulo-SP Editora Três Ltda - E-mail: luizfsa@revistadinheiro.com.br 2004
Outro identificador 2025-0363
Título Dinheiro Rural (Brazil)
ISSN 1807-3700
Colação v. 4(32) p. 50-51; (Jun 2007)
Número de controle de registro BR2025000886

Nenhum exemplar disponível.

BINAGRI

Telefone: (61)3218-2567/2388/3357/2097 - binagri@agro.gov.br

Ministério da Agricultura e Pecuária , Esplanada dos Ministérios, Bloco D, Anexo B, Brasília/DF, CEP: 70.043-900